00238nam a2200085Ia 4500008004000000082001300040100002300053245005000076260002600126210210b2000 xxu||||| |||| 00| 0 eng d a382 RAMT aRAMAKRISHNA (T N). aTextbook of international trade for II B.Com. abNot Mentionedc2000